[Event "VEN-ch Expertos"]
[Site "Caracas"]
[Date "2022.04.14"]
[Round "3"]
[White "Marin Ramirez, Gerardo"]
[Black "Panitz Morales, Ralph Pedro"]
[Result "0-1"]
[WhiteElo "2204"]
[BlackElo "2040"]
[PlyCount "98"]
[EventDate "2022.04.13"]
[EventType "swiss"]
[EventRounds "7"]
[EventCountry "VEN"]
[SourceTitle "CBM 207 Extra"]
[Source "ChessBase"]
[SourceDate "2022.05.31"]
[SourceVersion "1"]
[SourceVersionDate "2022.05.31"]
[SourceQuality "1"]

1. d4 Nf6 2. c4 g6 3. Nc3 d6 4. e4 Bg7 5. Nf3 0-0 6. Be2 e5 7. d5 a5 8. Bg5 Na6 9. Nd2 Qe8 10. a3 Bd7 11. b3 h6 12. Be3 Nxe4 13. Ndxe4 f5 14. Bd3 fxe4 15. Bxe4 Bf5 16. 0-0 Qd7 17. Qb1 b6 18. b4 Bxe4 19. Nxe4 Qf5 20. f3 g5 21. h3 a4 22. Qd1 Qd7 23. Rc1 Rf7 24. Qc2 Bf8 25. Rfd1 Qe8 26. Nc3 Rg7 27. Qxa4 Qxa4 28. Nxa4 Nxb4 29. Nxb6 Rxa3 30. Bd2 Na2 31. Rc2 cxb6 32. Rb1 Rga7 33. Rxb6 R3a6 34. Rb5 Bg7 35. Kf2 Ra3 36. Rb6 R7a6 37. Rb8+ Kh7 38. Rb7 Kg6 39. Be1 Bf6 40. c5 dxc5 41. Rxc5 e4 42. Rc6 Rxc6 43. dxc6 e3+ 44. Kf1 Ra6 45. c7 Rc6 46. Bg3 Nc1 47. Ke1 Bc3+ 48. Kd1 e2+ 49. Kxc1 Be1+ 0-1

[Event "VEN-ch Expertos"]
[Site "Caracas"]
[Date "2022.04.13"]
[Round "1"]
[White "Marichal Gonzalez, Ariel"]
[Black "Panitz Morales, Ralph Pedro"]
[Result "1-0"]
[WhiteElo "2273"]
[BlackElo "2040"]
[PlyCount "99"]
[EventDate "2022.04.13"]
[EventType "swiss"]
[EventRounds "7"]
[EventCountry "VEN"]
[SourceTitle "CBM 207 Extra"]
[Source "ChessBase"]
[SourceDate "2022.05.31"]
[SourceVersion "1"]
[SourceVersionDate "2022.05.31"]
[SourceQuality "1"]

1. d4 Nf6 2. c4 g6 3. Nc3 Bg7 4. e4 d6 5. h3 Nbd7 6. Bg5 0-0 7. Nf3 e5 8. d5 h6 9. Be3 Nc5 10. Nd2 a5 11. g4 Bd7 12. Be2 Nh7 13. Nb3 Na4 14. Nxa4 Bxa4 15. h4 b6 16. Qd2 Bxb3 17. axb3 Bf6 18. Bxh6 Bxh4 19. Bxf8 Bg5 20. Qc3 Qxf8 21. Qh3 Qg7 22. b4 Bd8 23. Qh6 Qxh6 24. Rxh6 Kg7 25. Rh3 Ng5 26. Re3 Rb8 27. bxa5 bxa5 28. b3 c5 29. dxc6 Rc8 30. c5 Rxc6 31. cxd6 Rxd6 32. Rd3 Rxd3 33. Bxd3 Nf3+ 34. Kd1 Nd4 35. Bc4 f6 36. Kd2 Kh6 37. Rh1+ Kg5 38. Rh8 Be7 39. Rg8 Kf4 40. Kd3 Kxg4 41. Rg7 Bd8 42. Rd7 Nc6 43. Bb5 Nb4+ 44. Ke2 Bb6 45. Rd6 Bc5 46. Rxf6 Nc2 47. Rxg6+ Kf4 48. Rf6+ Kg4 49. Bd7+ Kh4 50. Kd3 1-0

[Event "Verano Cup"]
[Site "Tornelo INT"]
[Date "2022.01.27"]
[Round "2"]
[White "Panitz Morales, Ralph Pedro"]
[Black "Huerta Escobar, Bruce"]
[Result "0-1"]
[WhiteElo "2004"]
[BlackElo "2134"]
[PlyCount "46"]
[EventDate "2022.01.27"]
[EventType "tourn"]
[EventRounds "10"]
[EventCountry "VEN"]
[SourceTitle "EXT 2023"]
[Source "ChessBase"]
[SourceDate "2022.10.05"]
[SourceVersion "1"]
[SourceVersionDate "2022.10.05"]
[SourceQuality "1"]

1. e4 e5 2. Nf3 Nc6 3. d4 exd4 4. Bc4 Bc5 5. c3 Nf6 6. cxd4 Bb4+ 7. Nc3 Nxe4 8. 0-0 Bxc3 9. d5 Bf6 10. Re1 Ne7 11. Rxe4 d6 12. Bg5 Bxg5 13. Nxg5 0-0 14. Nxh7 Kxh7 15. Qh5+ Kg8 16. Rh4 f5 17. Re1 Ng6 18. Qh7+ Kf7 19. Rh6 Qg5 20. Rh5 Qd2 21. Re3 Rh8 22. Qxh8 Nxh8 23. Rxh8 Bd7 0-1

[Event "Verano Cup"]
[Site "Tornelo INT"]
[Date "2022.01.27"]
[Round "7"]
[White "Peralta, Eduardo"]
[Black "Panitz Morales, Ralph Pedro"]
[Result "1/2-1/2"]
[WhiteElo "2218"]
[BlackElo "2004"]
[PlyCount "155"]
[EventDate "2022.01.27"]
[EventType "tourn"]
[EventRounds "10"]
[EventCountry "VEN"]
[SourceTitle "EXT 2023"]
[Source "ChessBase"]
[SourceDate "2022.10.05"]
[SourceVersion "1"]
[SourceVersionDate "2022.10.05"]
[SourceQuality "1"]

1. Nf3 Nf6 2. c4 g6 3. g3 Bg7 4. Bg2 0-0 5. 0-0 d6 6. Nc3 c5 7. d3 Nc6 8. a3 a6 9. Rb1 Rb8 10. Ne1 Bd7 11. Nc2 h6 12. b4 cxb4 13. axb4 b5 14. cxb5 axb5 15. Na3 Na7 16. Be3 Nc8 17. h3 Ng4 18. Bd2 Nf6 19. Nc2 Kh7 20. Na1 Qe8 21. Nb3 Bc6 22. e4 e5 23. Na5 Ba8 24. Qb3 Nh5 25. Nd5 Bxd5 26. Qxd5 Nf6 27. Qb3 Qd7 28. Rbc1 Ne7 29. Be3 Kg8 30. Rc2 Rfc8 31. Rfc1 Rxc2 32. Rxc2 Rc8 33. Kh2 g5 34. Kg1 Ng6 35. d4 exd4 36. Bxd4 Ne5 37. Rd2 Qe7 38. Rc2 Qd7 39. Qb1 g4 40. hxg4 Qxg4 41. Bxe5 Rxc2 42. Qxc2 dxe5 43. Nc6 Qh5 44. Qd3 Bf8 45. Qxb5 Qd1+ 46. Qf1 Qc2 47. Nxe5 Bxb4 48. Nd3 Bc3 49. Bf3 Nd7 50. Qd1 Qa2 51. Kg2 Bd4 52. Qe2 Qxe2 53. Bxe2 Nc5 54. f3 Nxd3 55. Bxd3 Kf8 56. Kh3 Bf2 57. Kg4 Kg7 58. f4 f6 59. Kf3 Be1 60. g4 Bd2 61. Bc4 Bc1 62. Bd5 Bd2 63. e5 fxe5 64. fxe5 Kf8 65. Ke4 Ke7 66. Kf5 Bc1 67. Kg6 Bd2 68. Kf5 Bc1 69. Bb3 Bg5 70. Ke4 Bc1 71. Kd5 Bg5 72. Bc2 Bc1 73. Bf5 Bg5 74. e6 Bc1 75. Kc6 Bg5 76. Kd5 Bh4 77. Kc6 Bg5 78. Kd5 1/2-1/2

[Event "Caracas FVA 80th Ann"]
[Site "Caracas"]
[Date "2015.12.20"]
[Round "7"]
[White "Romero Barreto, Jaime Jose"]
[Black "Panitz Morales, Ralph Pedro"]
[Result "1-0"]
[WhiteElo "2242"]
[BlackElo "1893"]
[PlyCount "81"]
[EventDate "2015.12.16"]
[EventType "swiss"]
[EventRounds "8"]
[EventCountry "VEN"]
[SourceTitle "EXT 2018"]
[Source "ChessBase"]
[SourceDate "2017.10.13"]
[SourceVersion "1"]
[SourceVersionDate "2017.10.13"]
[SourceQuality "1"]

1. e4 d6 2. d4 Nf6 3. Nc3 g6 4. Nf3 Bg7 5. h3 0-0 6. Be3 a6 7. a4 a5 8. Qd2 c6 9. Bc4 d5 10. exd5 cxd5 11. Bd3 Re8 12. 0-0 Nh5 13. g4 Nf6 14. Bh6 Bh8 15. Ne5 Nc6 16. Bb5 Qb6 17. Rad1 Rd8 18. Rfe1 Be6 19. Qf4 Nb4 20. Rd2 Rac8 21. Ree2 Rc7 22. Nf3 Rcc8 23. Ng5 Rd6 24. Nxe6 Rxe6 25. Rxe6 Qxe6 26. Re2 Qd6 27. Qxd6 exd6 28. Re7 Nxc2 29. g5 Nh5 30. Be8 Bg7 31. Bxf7+ Kh8 32. Be6 Rf8 33. Nxd5 Nxd4 34. Bg4 Bxh6 35. gxh6 Kg8 36. Bxh5 gxh5 37. Rg7+ Kh8 38. Rxb7 Kg8 39. Rg7+ Kh8 40. Ra7 Kg8 41. Ne7+ 1-0